| 000 | 00362nam a2200121Ia 4500 | ||
|---|---|---|---|
| 008 | 220615s9999||||xx |||||||||||||| ||und|| | ||
| 245 | 0 | _aColor Detection | |
| 546 | _aEnglish[eng] | ||
| 650 | _aAnalytical chemistry | ||
| 700 | _aZeng, Ling-Wen||Cao, Shi-Lin | ||
| 856 | _uhttps://mts.intechopen.com/storage/books/7319/authors_book/authors_book.pdf | ||
| 942 | _cEB | ||
| 999 |
_c15402 _d15402 |
||